| 000 | 00465nam a2200181Ia 4500 | ||
|---|---|---|---|
| 008 | 230524s9999 xx 000 0 und d | ||
| 020 | _a8188454732 | ||
| 082 |
_a658.382 _bPRA |
||
| 100 |
_aAnupama Prashar _941943 |
||
| 245 | 0 | _aIndustrial Safety and Environment | |
| 250 | _a1 | ||
| 260 |
_aNew Delhi _bKataria & Sons _c2012 |
||
| 300 | _a273p; | ||
| 500 | _aQuantity Number: 1 | ||
| 650 | _aEnvironmental | ||
| 700 |
_aPratibha Bansal _941944 |
||
| 942 | _cBK | ||
| 999 |
_c56363 _d56363 |
||